000 00526nam a22001937a 4500
003 KOHA_MİRAKIL
005 20251116175542.0
008 251116b tu ||||| |||| 00| 0 tur d
020 _a9789752208216
040 _aTR-AnABB
_btur
_cTR-AnABB
041 _atur
082 _a833.912
_bZWE 2022
100 1 _aZweing, Stefan,
245 1 0 _aYakıcı sır /
_cStefan Zweing
260 _aAnkara :
_bBilgi Yayınevi,
_c2022
300 _a105 sayfa ;
_c20 cm
650 0 4 _aAvusturya edebiyatı, roman
942 _2ddc
_cBK
999 _c9474
_d9474
900 _bGizem YORULMAZ